<?xml version="1.0" encoding="UTF-8"?>
<marc:record xmlns:marc="http://www.loc.gov/MARC21/slim">
   <marc:leader>00000nam a2200000 a 4500</marc:leader>
   <marc:datafield ind1="1" ind2=" " tag="100">
      <marc:subfield code="a">Iwasa, Megumi</marc:subfield>
      <marc:subfield code="4">aut</marc:subfield>
      <marc:subfield code="e">Verfasser/-in</marc:subfield>
   </marc:datafield>
   <marc:datafield ind1="1" ind2=" " tag="100">
      <marc:subfield code="a">Mühle, Jörg</marc:subfield>
      <marc:subfield code="4">ill</marc:subfield>
      <marc:subfield code="e">Illustrator/-in</marc:subfield>
   </marc:datafield>
   <marc:datafield ind1=" " ind2=" " tag="653">
      <marc:subfield code="a">Giraffe</marc:subfield>
   </marc:datafield>
   <marc:datafield ind1=" " ind2=" " tag="653">
      <marc:subfield code="a">Brieffreundschaft</marc:subfield>
   </marc:datafield>
   <marc:datafield ind1=" " ind2=" " tag="653">
      <marc:subfield code="a">Briefroman</marc:subfield>
   </marc:datafield>
   <marc:datafield ind1=" " ind2=" " tag="653">
      <marc:subfield code="a">Pinguin</marc:subfield>
   </marc:datafield>
   <marc:datafield ind1=" " ind2=" " tag="653">
      <marc:subfield code="a">Kinderbuch</marc:subfield>
   </marc:datafield>
   <marc:datafield ind1=" " ind2=" " tag="653">
      <marc:subfield code="a">Kinderbücher bis 11 Jahre</marc:subfield>
   </marc:datafield>
   <marc:datafield ind1="0" ind2="0" tag="245">
      <marc:subfield code="a">Viele Grüße, Deine Giraffe</marc:subfield>
   </marc:datafield>
   <marc:datafield ind1="0" ind2="0" tag="245">
      <marc:subfield code="c">Megumi Iwasa ; aus dem Japanischen von Ursula Gräfe ; mit Illustrationen von Jörg Mühle</marc:subfield>
   </marc:datafield>
   <marc:datafield ind1=" " ind2="1" tag="264">
      <marc:subfield code="a">Frankfurt am Main</marc:subfield>
      <marc:subfield code="b">Moritz Verlag</marc:subfield>
      <marc:subfield code="c">2021</marc:subfield>
   </marc:datafield>
   <marc:datafield ind1="1" ind2=" " tag="490">
      <marc:subfield code="a">Ein Moritz Kinderbuch</marc:subfield>
   </marc:datafield>
   <marc:datafield ind1=" " ind2=" " tag="250">
      <marc:subfield code="a">1. Auflage der Taschenbuchausgabe</marc:subfield>
   </marc:datafield>
   <marc:datafield ind1="1" ind2=" " tag="520">
      <marc:subfield code="a">Angaben aus der Verlagsmeldung

Viele Grüße, Deine Giraffe! : Taschenbuchausgabe für den Unterricht Boku wa African i Sumu Kirin to Iimasu / von Megumi Iwasa

Giraffe wohnt in der afrikanischen Savanne. Ihre Tage verlaufen eintönig und sie sehnt sich nach einem Freund. Also beschließt sie, einen Brief zu schreiben: »Du sollst ihn dem ersten Tier übergeben, das dir hinter dem Horizont begegnet«, sagt sie zu Pelikan, der gerade (ebenfalls aus Langeweile) einen Postdienst eröffnet hat.

Und so findet der Brief seinen Weg zu Pinguin, der weit entfernt in der Walsee lebt. Eine echte Brieffreundschaft entsteht. Eines Tages beschließt Giraffe, ihren Brieffreund zu besuchen – und zwar als Pinguin verkleidet. Gar nicht so einfach, wenn man eine Giraffe ist!
Megumi Iwasa ist ein fabelhafter kleiner Briefroman gelungen, der sich perfekt zum ersten Selberlesen eignet und seit Jahren Schullektüre in Japan ist. Jörg Mühle hat ihn so illustriert, wie Giraffe und Pinguin sich das gewünscht hätten.
</marc:subfield>
   </marc:datafield>
   <marc:datafield ind1=" " ind2=" " tag="020">
      <marc:subfield code="a">9783895654107</marc:subfield>
      <marc:subfield code="9">9783895654107</marc:subfield>
   </marc:datafield>
   <marc:datafield ind1=" " ind2=" " tag="020">
      <marc:subfield code="a">3895654108</marc:subfield>
      <marc:subfield code="9">3895654108</marc:subfield>
   </marc:datafield>
   <marc:datafield ind1=" " ind2=" " tag="041">
      <marc:subfield code="a">ger</marc:subfield>
   </marc:datafield>
   <marc:datafield ind1=" " ind2=" " tag="300">
      <marc:subfield code="a">108 Seiten</marc:subfield>
   </marc:datafield>
</marc:record>
